LEADER 03391nam 22005415 450 001 996500667503316 005 20231110234526.0 010 $a3-11-076254-4 035 $a(CKB)5590000001022421 035 $a(DE-B1597)591090 035 $a(DE-B1597)9783110762549 035 $a(MiAaPQ)EBC7152279 035 $a(Au-PeEL)EBL7152279 035 $a(MiAaPQ)EBC30366029 035 $a(Au-PeEL)EBL30366029 035 $a(EXLCZ)995590000001022421 100 $a20221205h20222022 fg 101 0 $ager 135 $aur||||||||||| 181 $ctxt$2rdacontent 182 $cc$2rdamedia 183 $acr$2rdacarrier 200 10$aEmpirismus und Ästhetik $eZur deutschsprachigen Rezeption von Hume, Hutcheson, Home und Burke im 18. Jahrhundert /$fLore Knapp 205 $a1st ed. 210 1$aBerlin ;$aBoston : $cDe Gruyter, $d[2022] 210 4$d©2022 215 $a1 online resource (XI, 471 p.) 225 0 $aHallesche Beiträge zur Europäischen Aufklärung : Schriftenreihe des Interdisziplinären Zentrums für die Erforschung der europäischen Aufklärung der Martin-Luther-Universität Halle-Wittenberg ,$x0948-6070 ;$v70 311 $a3-11-076244-7 327 $tFrontmatter -- $tInhalt -- $tI Einleitung -- $tII David Humes Vier Abhandlungen (dt. 1758, 1759) -- $tIII Francis Hutchesons Von Schönheit, Ordnung, Übereinstimmung und Absicht (dt. 1762) -- $tIV Henry Homes Grundsätze der Critik (dt. 1763) -- $tV Edmund Burkes Vom Erhabnen und Schönen (dt. 1773) -- $tVI Tradierung in Lehrbüchern -- $tVII Schluss -- $tLiteraturverzeichnis -- $tAbbildungsverzeichnis -- $tRegister -- $tDank 330 $aEmpirismus und Ästhetik werden in den Schriften von Francis Hutcheson, David Hume, Edmund Burke und Henry Home zu einer empiristischen Ästhetik verbunden. Sie argumentiert induktiv, psycho- oder physiologisch, evolutionär und demokratisch und lässt sich als frühe Form der empirischen Ästhetik verstehen. Ihr Transfer nach Deutschland in Rezensionen, Übersetzungen und Anschlussforschungen geht mit unwillkürlichen Anpassungen einher. Für die empiristische Ästhetik in der deutschsprachigen Aufklärung stehen nicht nur Namen wie Lichtenberg, Mendelssohn und Kant, Hamann, Herder und Merck, sondern auch die Übersetzer Dusch, Resewitz und Meinhard, die physiologisch Interessierten Haller, Platner, Lossius und Hißmann sowie die Leipziger Engel, Garve und Riedel, der Prager Meißner oder auch Enzyklopädisten wie Herz, Eschenburg und Schneider. 330 $aFrancis Hutcheson, David Hume, Edmund Burke, and Henry Home combined empiricism and aesthetics to create an empiricist aesthetics that was received and transformed in the German-speaking world. In the tradition of John Locke, an explanation of thinking and association that is grounded in sensualism takes center stage. 410 0$aHallesche Beiträge Zur Europäischen Aufklärung 610 $aBurke, Edmund. 610 $aEighteenth century. 610 $aHome, Henry. 610 $aHume, David. 610 $aHutcheson, Francis. 610 $aSenses. 610 $aaesthetics. 610 $aemotions. 700 $aKnapp$b Lore, $4aut$4http://id.loc.gov/vocabulary/relators/aut$01271646 801 0$bDE-B1597 801 1$bDE-B1597 906 $aBOOK 912 $a996500667503316 996 $aEmpirismus und Ästhetik$92995630 997 $aUNISA LEADER 01085nam0 22002891i 450 001 UON00094410 005 20231205102525.954 100 $a20020107d1977 |0itac50 ba 101 $aita 102 $aIT 105 $a|||| 1|||| 200 1 $aBanchettanti$fAristofane$ga cura di Albio C. Cassio 210 $aPisa$cGiardini$d1977 215 $a p.$d cm 316 $aDATI INESATTI$5IT-UONSI T 1ARISTOPH0900 606 $aLetteratura greca$3UONC020864$2FI 620 $aIT$dPisa$3UONL000055 700 0$aAristophanes$3UONV056467$0602827 702 1$aCassio$bAlbio Cesare$3UONV056422 712 $aGiardini$3UONV257197$4650 790 0$aARISTOFANE$zAristophanes$3UONV056470 801 $aIT$bSOL$c20260313$gRICA 899 $aSIBA - SISTEMA BIBLIOTECARIO DI ATENEO E ARCHIVIO STORICO$2UONSI 912 $aUON00094410 950 $aSIBA - SISTEMA BIBLIOTECARIO DI ATENEO E ARCHIVIO STORICO$dSI T 1 ARISTOPH 0900 $eSI MC 13610 5 DATI INESATTI 996 $aBanchettanti$94549605 997 $aUNIOR